[Event "NAYCC U08"]
[Site "Windsor CAN"]
[Date "2016.08.11"]
[Round "8.167"]
[White "Nath, Nitish"]
[Black "Xu, Daniel"]
[Result "1/2-1/2"]
[WhiteElo "1422"]
[BlackElo "1486"]
[PlyCount "144"]
[EventDate "2016.08.07"]
[EventType "swiss"]
[EventRounds "9"]
[EventCountry "CAN"]

1. e4 e5 2. Nf3 Nc6 3. Bb5 a6 4. Ba4 Nf6 5. O-O Be7 6. Re1 b5 7. Bb3 d6 8. h3
Na5 9. c3 Nxb3 10. axb3 Bb7 11. d3 O-O 12. Be3 c5 13. Nbd2 Qc7 14. Bg5 h6 15.
Bxf6 Bxf6 16. Rc1 Qb6 17. Nf1 Rfe8 18. Ng3 Rad8 19. Qc2 d5 20. Rcd1 g6 21. Kh1
Bg7 22. Kg1 Kh7 23. Kh1 f6 24. Kg1 h5 25. Kh1 Bh6 26. Kh2 Bf4 27. Kh1 Rg8 28.
Qe2 Qe6 29. Nh4 Qf7 30. b4 cxb4 31. cxb4 Rh8 32. Kg1 Kg7 33. b3 d4 34. Rb1 Rc8
35. Rb2 Rc3 36. Reb1 Rhc8 37. Kh2 Kg8 38. Qf1 g5 39. Nhf5 h4 40. Nh6+ Kg7 41.
Nxf7 Kxf7 42. Qe2 Kg7 43. Qf3 hxg3+ 44. fxg3 Be3 45. Rf1 R8c6 46. Rd1 Bc8 47.
Qf1 Be6 48. Re1 Rc1 49. Rb1 R1c2 50. Re2 R2c3 51. Ree1 Rc2 52. Re2 R2c3 53.
Rxe3 dxe3 54. Qe2 Bxb3 55. Qxe3 Bc2 56. Rc1 Bxd3 57. Rxc3 Rxc3 58. Qa7+ Kg6 59.
Qa8 Rc4 60. Qg8+ Kh6 61. Qf7 Bxe4 62. Qxf6+ Kh7 63. Qxe5 Bc6 64. Qxg5 Kh8 65.
Qd8+ Kg7 66. Qa5 Rc2 67. Qa1+ Kf7 68. Qf1+ Ke7 69. Qe1+ Kf7 70. Qf1+ Ke7 71.
Qe1+ Kf7 72. Qf1+ Ke7 1/2-1/2

[Event "NAYCC U08"]
[Site "Windsor CAN"]
[Date "2016.08.11"]
[Round "8.168"]
[White "Prestia, Sebastian"]
[Black "Yuan, Daniel"]
[Result "1-0"]
[WhiteElo "1385"]
[BlackElo "827"]
[PlyCount "95"]
[EventDate "2016.08.07"]
[EventType "swiss"]
[EventRounds "9"]
[EventCountry "CAN"]

1. d4 Nf6 2. c4 g6 3. Nc3 d5 4. cxd5 Nxd5 5. e4 Nxc3 6. bxc3 Bg7 7. Bc4 c5 8.
Ne2 Nc6 9. Be3 cxd4 10. cxd4 O-O 11. O-O Bd7 12. Rb1 Rc8 13. Bd5 Qc7 14. Bf4 e5
15. Bxe5 Bxe5 16. dxe5 Rfe8 17. Qb3 b6 18. Bxf7+ Kg7 19. Bxe8 Rxe8 20. f4 Bg4
21. Rfe1 Bxe2 22. Rxe2 Nd4 23. Qe3 Nxe2+ 24. Qxe2 Qc5+ 25. Qf2 Qa5 26. Qe2 Qc5+
27. Kh1 Rc8 28. h3 Rf8 29. Qd2 Qc4 30. Qd5 Qc3 31. e6 Qf6 32. Rf1 Re8 33. f5
Rd8 34. Qb7+ Kh6 35. Qxa7 gxf5 36. Qxb6 f4 37. Rxf4 Qxf4 38. e7+ Rd6 39. Qxd6+
Qxd6 40. e8=Q Qd1+ 41. Kh2 Qf1 42. Qe6+ Kh5 43. Qf5+ Qxf5 44. exf5 Kg5 45. a4
Kxf5 46. a5 Ke6 47. a6 Kd7 48. a7 1-0

[Event "NAYCC U08"]
[Site "Windsor CAN"]
[Date "2016.08.11"]
[Round "8.172"]
[White "Locham, Divjot"]
[Black "Liu, Edison"]
[Result "0-1"]
[WhiteElo "799"]
[BlackElo "1248"]
[PlyCount "90"]
[EventDate "2016.08.07"]
[EventType "swiss"]
[EventRounds "9"]
[EventCountry "CAN"]

1. e4 e5 2. Nf3 Nf6 3. Nxe5 d6 4. Nf3 Nxe4 5. Qe2 Qe7 6. Nc3 Nxc3 7. dxc3 Nc6
8. Bg5 f6 9. Be3 Be6 10. O-O-O O-O-O 11. a3 g6 12. g3 Bg7 13. Bg2 a6 14. Rhe1
Rhe8 15. h4 Ne5 16. Rd2 Bg4 17. Red1 Qd7 18. Bd4 Nxf3 19. Be3 Nxd2 20. f3 Ne4
21. fxg4 Nxg3 22. Qf3 Ne4 23. Rd4 f5 24. gxf5 gxf5 25. Rd1 Qe6 26. Bh3 Kb8 27.
Bxf5 Qf6 28. Bd4 Qh6+ 29. Be3 Qxh4 30. Rh1 Qf6 31. Bd4 Bh6+ 32. Kd1 Qg5 33. Rh2
Qc1+ 34. Ke2 Qd2+ 35. Kf1 Qxh2 36. Bxe4 Rxe4 37. Bg1 Rf4 38. Bxh2 Rxf3+ 39. Kg2
Rdf8 40. Bg1 Be3 41. Bxe3 Rxe3 42. Kg1 Re2 43. Kh1 Rff2 44. Kg1 Rxc2 45. Kh1
Rf1# 0-1

[Event "NAYCC U08"]
[Site "Windsor CAN"]
[Date "2016.08.11"]
[Round "8.174"]
[White "Zhang, William"]
[Black "Venkataraja, Lingaadyakssh"]
[Result "0-1"]
[WhiteElo "608"]
[BlackElo "909"]
[PlyCount "76"]
[EventDate "2016.08.07"]
[EventType "swiss"]
[EventRounds "9"]
[EventCountry "CAN"]

1. e4 d5 2. Nc3 dxe4 3. Nxe4 Nf6 4. Nxf6+ exf6 5. Bd3 Bc5 6. Nf3 O-O 7. O-O Nc6
8. Re1 Bg4 9. h3 Bh5 10. Be2 Re8 11. Nh4 Bxe2 12. Rxe2 Rxe2 13. Qxe2 Nd4 14.
Qf1 Nxc2 15. Rb1 Nd4 16. d3 Qd7 17. Be3 Re8 18. Bxd4 Qxd4 19. Nf3 Qd5 20. Re1
Rxe1 21. Qxe1 h6 22. a3 Qxd3 23. Qc3 Qxc3 24. bxc3 Bxa3 25. Nd4 Bb2 26. Nb5 a6
27. Nxc7 Bxc3 28. Ne8 b5 29. Nc7 b4 30. Nxa6 b3 31. Nc5 b2 32. Na4 b1=Q+ 33.
Kh2 Qe4 34. f3 Be5+ 35. g3 Qe2+ 36. Kg1 Bd4+ 37. Kh1 Qf2 38. h4 Qg1# 0-1

[Event "NAYCC U08"]
[Site "Windsor CAN"]
[Date "2016.08.11"]
[Round "9.163"]
[White "Zhong, Kevin"]
[Black "Mishra, Abhimanyu"]
[Result "1-0"]
[WhiteElo "1360"]
[BlackElo "1924"]
[PlyCount "49"]
[EventDate "2016.08.07"]
[EventType "swiss"]
[EventRounds "9"]
[EventCountry "CAN"]

1. e4 c5 2. Ne2 e6 3. d4 cxd4 4. Nxd4 a6 5. Nc3 Qc7 6. Be2 Nf6 7. O-O Nc6 8.
Be3 Be7 9. f4 d6 10. Kh1 O-O 11. Qe1 Bd7 12. Qg3 Nxd4 13. Bxd4 d5 14. exd5 Kh8
15. Rad1 Rg8 16. Be5 Qc5 17. d6 Bd8 18. Qh3 h6 19. Ne4 Qc6 20. Nxf6 Bxf6 21.
Bxf6 Kh7 22. Bd3+ g6 23. Bg5 h5 24. Qxh5+ Kg7 25. Qh6# 1-0

[Event "NAYCC U08"]
[Site "Windsor CAN"]
[Date "2016.08.11"]
[Round "9.165"]
[White "Xu, Daniel"]
[Black "Krishnakumar, Sriram"]
[Result "1/2-1/2"]
[WhiteElo "1486"]
[BlackElo "1302"]
[PlyCount "140"]
[EventDate "2016.08.07"]
[EventType "swiss"]
[EventRounds "9"]
[EventCountry "CAN"]

1. e4 e5 2. Nf3 Nc6 3. d4 exd4 4. Nxd4 Bc5 5. Nxc6 Qf6 6. Qd2 Qxc6 7. Bd3 Nf6
8. Nc3 O-O 9. O-O Re8 10. Qg5 Bd4 11. Bd2 Qc5 12. Qxc5 Bxc5 13. Nb5 Bb6 14. Be3
c6 15. Bxb6 cxb5 16. Be3 Nxe4 17. Bxb5 a6 18. Bd3 Nf6 19. Rfe1 d5 20. Bd4 Be6
21. f4 Rad8 22. f5 Bd7 23. h3 Nh5 24. g4 Nf4 25. Bf1 Re4 26. Rxe4 dxe4 27. c4
Bc6 28. Be3 Nd3 29. Rd1 Kf8 30. b3 Ke7 31. Bxd3 Rxd3 32. Rxd3 exd3 33. Kf2 Kd6
34. Bd2 Kc5 35. h4 Kd4 36. h5 Be4 37. Kg3 g6 38. hxg6 hxg6 39. fxg6 fxg6 40.
Kf4 Bg2 41. Kg5 Bf3 42. Kxg6 Bxg4 43. Kf6 Bd1 44. Ke6 Kc5 45. Ke5 Bc2 46. Ke4
Bb1 47. Ke3 Bxa2 48. b4+ Kxc4 49. Ke4 Bb1 50. Ke3 Kb5 51. Kd4 b6 52. Kc3 Bc2
53. Bc1 a5 54. bxa5 Kxa5 55. Bb2 Ka4 56. Bc1 b5 57. Kb2 b4 58. Bd2 b3 59. Bc3
Kb5 60. Bd2 Kc5 61. Kc3 Kd5 62. Bc1 Ke4 63. Kd2 Kf3 64. Bb2 Bb1 65. Bc3 Ke4 66.
Bb2 Kd5 67. Bc3 Kc4 68. Bb2 Kb4 69. Kc1 Bc2 70. Kd2 Kc4 1/2-1/2

[Event "NAYCC U08"]
[Site "Windsor CAN"]
[Date "2016.08.11"]
[Round "9.166"]
[White "Sloan, Jed"]
[Black "Huang, Brian"]
[Result "1-0"]
[WhiteElo "1553"]
[BlackElo "1783"]
[PlyCount "115"]
[EventDate "2016.08.07"]
[EventType "swiss"]
[EventRounds "9"]
[EventCountry "CAN"]

1. e4 c5 2. Nf3 d6 3. d4 cxd4 4. Nxd4 Nf6 5. Nc3 g6 6. Be2 Bg7 7. Be3 Nc6 8.
Qd2 Bd7 9. O-O-O O-O 10. Bh6 Nxd4 11. Bxg7 Nxe2+ 12. Qxe2 Kxg7 13. f3 Qa5 14.
g4 b5 15. e5 Ne8 16. exd6 exd6 17. Qe4 b4 18. Qxa8 bxc3 19. bxc3 Nf6 20. Qb7
Qxa2 21. g5 Bf5 22. gxf6+ Kxf6 23. Rxd6+ Kg7 24. Qb2 Qa4 25. c4+ Kg8 26. Rf6
Be6 27. h4 h5 28. Rg1 Qe8 29. c5 Bf5 30. Qc3 Bc8 31. c6 a5 32. Re1 Qd8 33. c7
Qd5 34. Qb3 Qxb3 35. cxb3 Kg7 36. Rd6 Bb7 37. Rd8 Ba6 38. Rxf8 Kxf8 39. Rd1 f6
40. c8=Q+ Bxc8 41. Rd8+ Ke7 42. Rxc8 g5 43. Rh8 gxh4 44. Rxh5 Ke6 45. Rxh4 f5
46. Ra4 Kf6 47. Rxa5 Kg5 48. Ra4 Kf6 49. Rc4 Ke5 50. b4 Kd6 51. b5 Kd7 52. b6
f4 53. b7 Ke7 54. b8=Q Ke6 55. Rc5 Kd7 56. Qb6 Ke8 57. Rc7 Kd8 58. Qb8# 1-0

[Event "NAYCC U08"]
[Site "Windsor CAN"]
[Date "2016.08.11"]
[Round "9.167"]
[White "Yuen, Noah"]
[Black "Prestia, Sebastian"]
[Result "0-1"]
[WhiteElo "1114"]
[BlackElo "1385"]
[PlyCount "92"]
[EventDate "2016.08.07"]
[EventType "swiss"]
[EventRounds "9"]
[EventCountry "CAN"]

1. c4 e6 2. Nf3 Nf6 3. e3 b6 4. d4 Bb4+ 5. Nc3 Bxc3+ 6. bxc3 Bb7 7. Ba3 d6 8.
g3 Ne4 9. Qc2 Ng5 10. Nxg5 Bxh1 11. Nh3 Bb7 12. Bd3 h6 13. Kd2 Nd7 14. e4 O-O
15. Rg1 Qf6 16. f4 Rfe8 17. e5 dxe5 18. dxe5 Qd8 19. Ke2 c5 20. Bc1 Qc7 21. Nf2
f6 22. Bg6 Rf8 23. exf6 Nxf6 24. Be3 e5 25. fxe5 Qxe5 26. Nd3 Qe7 27. Nf4 Be4
28. Qc1 Ng4 29. Bxe4 Qxe4 30. h3 Nxe3 31. Qxe3 Qxc4+ 32. Kf2 Rfe8 33. Qd2 Rad8
34. Qc2 Qe4 35. Qxe4 Rxe4 36. Kf3 Rc4 37. Ne2 Rd2 38. Re1 Rxa2 39. Rd1 b5 40.
Rd8+ Kh7 41. Rc8 a5 42. h4 a4 43. Ke3 a3 44. Kd3 Rb2 45. h5 a2 46. Ra8 Ra4 0-1

[Event "NAYCC U08"]
[Site "Windsor CAN"]
[Date "2016.08.11"]
[Round "9.169"]
[White "Yuan, Daniel"]
[Black "Nath, Nitish"]
[Result "0-1"]
[WhiteElo "827"]
[BlackElo "1422"]
[PlyCount "64"]
[EventDate "2016.08.07"]
[EventType "swiss"]
[EventRounds "9"]
[EventCountry "CAN"]

1. e4 e5 2. Nf3 Nc6 3. d4 exd4 4. Bc4 Bc5 5. O-O h6 6. c3 Nge7 7. cxd4 Bb6 8.
Nc3 O-O 9. Bf4 d6 10. Qd3 a6 11. Rfe1 Na5 12. Bd5 c6 13. Bb3 Nxb3 14. axb3 Bg4
15. h3 Bh5 16. Ne2 d5 17. exd5 Nxd5 18. Qf5 Bg6 19. Qg4 Nb4 20. Rac1 Nd3 21.
Ne5 Nxc1 22. Rxc1 Re8 23. Ng3 Rf8 24. Be3 Bc7 25. Nxg6 fxg6 26. Qxg6 Qe8 27.
Qg4 Kh8 28. Nf5 Qf7 29. Nh4 Kg8 30. Bxh6 Qxf2+ 31. Kh1 Qf1+ 32. Rxf1 Rxf1# 0-1

[Event "NAYCC U08"]
[Site "Windsor CAN"]
[Date "2016.08.11"]
[Round "9.170"]
[White "Liu, Edison"]
[Black "Nakada, Johji"]
[Result "1-0"]
[WhiteElo "1248"]
[BlackElo "1424"]
[PlyCount "83"]
[EventDate "2016.08.07"]
[EventType "swiss"]
[EventRounds "9"]
[EventCountry "CAN"]

1. e4 c5 2. c3 d5 3. exd5 Qxd5 4. d4 Nf6 5. Nf3 Bg4 6. Be2 e6 7. O-O Bd6 8. Be3
Nbd7 9. h3 Bh5 10. Nbd2 O-O 11. Nc4 Bxf3 12. gxf3 Bc7 13. dxc5 Qh5 14. Kg2 Rfd8
15. Qe1 Rac8 16. f4 Qg6+ 17. Kh1 Bxf4 18. Rg1 Qh6 19. Bxf4 Qxf4 20. b4 Qf5 21.
Qf1 Ne4 22. f3 Nxc3 23. Nd6 Qe5 24. Nxc8 Nxe2 25. Qe1 Qe3 26. Rg2 Rxc8 27. Qxe2
Qc3 28. Qd1 g6 29. Qxd7 Qxa1+ 30. Rg1 Qxg1+ 31. Kxg1 Rf8 32. Qxb7 Rd8 33. c6
Rd1+ 34. Kg2 Rd2+ 35. Kg3 h5 36. c7 g5 37. c8=Q+ Kg7 38. Qc3+ Kg6 39. Qe4+ f5
40. Qxe6+ Kh7 41. Qf7+ Kh6 42. Qh8# 1-0

[Event "NAYCC U08"]
[Site "Windsor CAN"]
[Date "2016.08.11"]
[Round "9.172"]
[White "Zhang, Andrew"]
[Black "Ripley, Sam"]
[Result "1-0"]
[WhiteElo "1524"]
[BlackElo "829"]
[PlyCount "91"]
[EventDate "2016.08.07"]
[EventType "swiss"]
[EventRounds "9"]
[EventCountry "CAN"]

1. e4 c5 2. Nf3 d6 3. d4 cxd4 4. Qxd4 a6 5. Nc3 Nc6 6. Qd1 Nf6 7. Bd3 Bg4 8. h3
Bh5 9. Be3 g6 10. g4 Nxg4 11. hxg4 Bxg4 12. Be2 Bg7 13. Qd2 O-O 14. Bh6 f6 15.
Bc4+ Rf7 16. Bxf7+ Kxf7 17. Bxg7 Kxg7 18. Qh6+ Kf7 19. Qxh7+ Ke8 20. Qxg6+ Kd7
21. Qxg4+ Kc7 22. Nd5+ Kb8 23. O-O-O Qa5 24. Rh8+ Ka7 25. Rxa8+ Kxa8 26. a3 Qd8
27. Nd4 Nxd4 28. Rxd4 Ka7 29. Rb4 b5 30. Qg3 Qd7 31. Qe3+ Kb8 32. Qb6+ Qb7 33.
Qxb7+ Kxb7 34. Nxe7 Kb6 35. Nd5+ Kc6 36. Nxf6 a5 37. Rd4 Kc5 38. c3 Kc6 39. f4
a4 40. e5 dxe5 41. fxe5 Kc5 42. e6 Kc6 43. e7 Kc5 44. e8=Q Kb6 45. Qb8+ Ka5 46.
Qa7# 1-0

[Event "NAYCC U08"]
[Site "Windsor CAN"]
[Date "2016.08.11"]
[Round "9.173"]
[White "Venkataraja, Lingaadyakssh"]
[Black "Locham, Divjot"]
[Result "1-0"]
[WhiteElo "909"]
[BlackElo "799"]
[PlyCount "65"]
[EventDate "2016.08.07"]
[EventType "swiss"]
[EventRounds "9"]
[EventCountry "CAN"]

1. e4 e5 2. Nf3 Nc6 3. d4 exd4 4. Nxd4 Ne5 5. Bf4 Nc6 6. Nxc6 bxc6 7. Bc4 Nf6
8. Nc3 Bb4 9. f3 O-O 10. O-O Bc5+ 11. Kh1 Nh5 12. Bd2 Bb7 13. Be1 Re8 14. Bf2
Bxf2 15. Rxf2 Nf6 16. Re2 d6 17. Qd2 Qd7 18. Rae1 Rad8 19. Kg1 d5 20. exd5 Rxe2
21. Rxe2 cxd5 22. Bd3 d4 23. Ne4 Re8 24. Nxf6+ gxf6 25. Rxe8+ Qxe8 26. h3 Qe6
27. Kf2 Qxa2 28. b3 Qa3 29. Qh6 Qe7 30. Bxh7+ Kh8 31. Be4+ Kg8 32. Qh7+ Kf8 33.
Qh8# 1-0

[Event "NAYCC U08"]
[Site "Windsor CAN"]
[Date "2016.08.11"]
[Round "9.175"]
[White "Zhang, Caden"]
[Black "Zhang, William"]
[Result "1-0"]
[WhiteElo "750"]
[BlackElo "608"]
[PlyCount "109"]
[EventDate "2016.08.07"]
[EventType "swiss"]
[EventRounds "9"]
[EventCountry "CAN"]

1. e4 e5 2. Nf3 Nc6 3. Nc3 Nf6 4. Bc4 Nxe4 5. Bxf7+ Kxf7 6. Nxe4 Bd6 7. Nxd6+
cxd6 8. O-O Rf8 9. d3 Kg8 10. Bg5 Qe8 11. a3 h6 12. Bd2 Nd4 13. Nxd4 exd4 14.
Re1 Qd8 15. Re4 Qf6 16. Rf4 Qe7 17. Rxd4 b6 18. Re4 Qf7 19. Rf4 Qe7 20. Rg4 Bb7
21. Bxh6 Qf7 22. Rxg7+ Qxg7 23. Bxg7 Kxg7 24. Qg4+ Kf7 25. Qxd7+ Kg8 26. Qxd6
Ba6 27. Re1 Rad8 28. Qg3+ Kh8 29. h4 Rde8 30. Rxe8 Rxe8 31. Qc7 Rc8 32. Qxa7
Bb5 33. Qxb6 Be8 34. Qh6+ Kg8 35. Qe6+ Kf8 36. Qxc8 Kf7 37. Qxe8+ Kxe8 38. a4
Kd8 39. a5 Kc8 40. a6 Kb8 41. a7+ Kxa7 42. h5 Kb7 43. h6 Kc7 44. h7 Kd7 45.
h8=Q Ke7 46. Qh6 Kf7 47. Qd6 Kg7 48. c3 Kf7 49. c4 Ke8 50. c5 Kf7 51. c6 Ke8
52. c7 Kf7 53. c8=Q Kg7 54. Qcf8+ Kh7 55. Qdh6# 1-0

[Event "NAYCC U08 w"]
[Site "Windsor CAN"]
[Date "2016.08.07"]
[Round "1.175"]
[White "Rajaram, Anika"]
[Black "Hua, Michelle"]
[Result "1/2-1/2"]
[WhiteElo "1420"]
[BlackElo "1039"]
[PlyCount "89"]
[EventDate "2016.08.07"]
[EventType "swiss"]
[EventRounds "9"]
[EventCountry "CAN"]

1. c4 c5 2. g3 g6 3. Bg2 Bg7 4. Nc3 Nc6 5. a3 a6 6. Rb1 d6 7. b4 Bf5 8. e4 Bd7
9. Nf3 Nf6 10. O-O O-O 11. d3 Bg4 12. bxc5 dxc5 13. Rxb7 Rb8 14. Rxb8 Qxb8 15.
Bf4 e5 16. Be3 Qd6 17. Na4 Nd4 18. Bxd4 cxd4 19. c5 Qe6 20. Qc2 Rc8 21. Rb1 Nd7
22. Rc1 Qc6 23. Qc4 Bxf3 24. Bxf3 Bf8 25. Bg4 Rc7 26. Bxd7 Rxd7 27. Nb6 Rc7 28.
Nd5 Rc8 29. Nb4 Qxc5 30. Qxc5 Rxc5 31. Rxc5 Bxc5 32. Nxa6 Bxa3 33. Nb8 f5 34.
exf5 gxf5 35. Nc6 Bd6 36. Kg2 Kg7 37. Kf3 Kf6 38. h4 h5 39. Na5 Ke6 40. Nc4 Kd5
41. Nxd6 Kxd6 42. Ke2 Kd5 43. f3 e4 44. f4 exd3+ 45. Kxd3 1/2-1/2

[Event "NAYCC U08 w"]
[Site "Windsor CAN"]
[Date "2016.08.07"]
[Round "1.176"]
[White "Kaur, Jind"]
[Black "Velea, Sophie"]
[Result "0-1"]
[WhiteElo "787"]
[BlackElo "1276"]
[PlyCount "102"]
[EventDate "2016.08.07"]
[EventType "swiss"]
[EventRounds "9"]
[EventCountry "CAN"]

1. e4 c5 2. Nf3 d6 3. Nc3 Nf6 4. Bb5+ Bd7 5. Bxd7+ Nbxd7 6. O-O g6 7. d4 cxd4
8. Nxd4 Bg7 9. Bf4 O-O 10. e5 dxe5 11. Bxe5 Nxe5 12. Nde2 Qxd1 13. Raxd1 Rad8
14. Nb5 a6 15. Nc7 Rxd1 16. Rxd1 Rc8 17. Nd5 Nxd5 18. Rxd5 Rxc2 19. Rd8+ Bf8
20. Nc3 Rc1+ 21. Rd1 Rxd1+ 22. Nxd1 Bg7 23. b3 Kf8 24. Kf1 Ke8 25. Ke1 Kd7 26.
Kd2 Bh6+ 27. Kc3 Kc6 28. a4 Bg7 29. h3 Kd6 30. Kb4 Nd3+ 31. Ka3 Bd4 32. f3 Nf2
33. Nb2 Bxb2+ 34. Kxb2 Nd3+ 35. Kc3 Nc5 36. g4 e5 37. Kb4 Nd3+ 38. Ka3 f5 39.
g5 e4 40. fxe4 fxe4 41. Ka2 e3 42. Kb1 e2 43. Kc2 e1=Q 44. Kxd3 Qh4 45. a5 Kd5
46. Kc3 Qd4+ 47. Kc2 Qe3 48. h4 Kd4 49. b4 Qc3+ 50. Kd1 Kd3 51. h5 Qd2# 0-1

[Event "NAYCC U08 w"]
[Site "Windsor CAN"]
[Date "2016.08.07"]
[Round "1.177"]
[White "Nguyen, Chance"]
[Black "Qu, Greta"]
[Result "1-0"]
[WhiteElo "1232"]
[BlackElo "773"]
[PlyCount "75"]
[EventDate "2016.08.07"]
[EventType "swiss"]
[EventRounds "9"]
[EventCountry "CAN"]

1. e4 c5 2. Nf3 Nc6 3. d4 cxd4 4. Nxd4 Nf6 5. Nxc6 bxc6 6. Bd3 e5 7. Nc3 Be7 8.
Bg5 h6 9. Bxf6 Bxf6 10. Qe2 Qb6 11. Rb1 O-O 12. O-O Rb8 13. b3 Qa5 14. Na4 Bb7
15. Qg4 d6 16. Rfd1 c5 17. Bc4 Bc6 18. Rxd6 Bxa4 19. Rxf6 Bd7 20. Qg3 Qxa2 21.
Rf1 Qxc2 22. Rxh6 Qxe4 23. Rh4 Qf5 24. Bd3 Qf6 25. Bh7+ Kh8 26. Bf5+ Kg8 27.
Qh3 g6 28. Bxd7 Rfd8 29. Ba4 Rd2 30. f3 Qg5 31. Rh8+ Kg7 32. Rxb8 Qe3+ 33. Kh1
Kf6 34. Qh4+ Kf5 35. g4+ Ke6 36. Re8+ Kd6 37. Qe7+ Kd5 38. Rd8# 1-0

[Event "NAYCC U08 w"]
[Site "Windsor CAN"]
[Date "2016.08.07"]
[Round "1.178"]
[White "Yu, Sophia"]
[Black "Wen, Kally"]
[Result "1/2-1/2"]
[WhiteElo "723"]
[BlackElo "1090"]
[PlyCount "172"]
[EventDate "2016.08.07"]
[EventType "swiss"]
[EventRounds "9"]
[EventCountry "CAN"]

1. d4 Nf6 2. Nf3 g6 3. e3 Bg7 4. Be2 O-O 5. O-O d5 6. Nc3 Nc6 7. b3 Bf5 8. a3
Ne4 9. Bb2 e5 10. dxe5 Nxe5 11. Nxe5 Bxe5 12. Na4 Bxb2 13. Nxb2 Qf6 14. Qd4
Qxd4 15. exd4 Rfe8 16. Bd3 Nd6 17. Bxf5 Nxf5 18. c3 Re2 19. Na4 Rae8 20. h3 Rc2
21. Rfd1 Ree2 22. Rf1 b5 23. Nc5 Rxc3 24. Rfd1 Rcc2 25. Nd3 Red2 26. Nb4 Rb2
27. Rxd2 Rxd2 28. Nxd5 c6 29. Nf6+ Kg7 30. Ne8+ Kf8 31. Nf6 h5 32. Rc1 Nxd4 33.
Rb1 Rd3 34. Nd7+ Kg7 35. Ne5 Rxb3 36. Rxb3 Nxb3 37. Nxc6 a6 38. Nb4 Nc5 39. Kf1
Kf6 40. Ke2 a5 41. Nc2 Ke5 42. Kd2 Ke4 43. Kc3 f5 44. Kd2 Kd5 45. Kc3 Ke4 46.
Kd2 f4 47. Kc3 Ne6 48. Kd2 f3 49. g3 Ng5 50. h4 Nh3 51. Ke1 Kd3 52. Ne3 Kc3 53.
Nd5+ Kb3 54. Nc7 b4 55. axb4 axb4 56. Nd5 Ka3 57. Nxb4 Kxb4 58. Kf1 Kc4 59. Ke1
Kd4 60. Kf1 Ke4 61. Ke1 g5 62. hxg5 Nxg5 63. Kf1 Kf5 64. Kg1 Kg4 65. Kf1 h4 66.
gxh4 Kxh4 67. Kg1 Kh3 68. Kh1 Ne4 69. Kg1 Nxf2 70. Kxf2 Kg4 71. Kf1 Kg3 72. Kg1
Kf4 73. Kf2 Ke4 74. Kf1 Ke3 75. Ke1 Kd3 76. Kf2 Ke4 77. Kf1 Kf4 78. Kf2 Kg4 79.
Kf1 Kg3 80. Kg1 Kg4 81. Kf2 Kf4 82. Kf1 Ke3 83. Ke1 Ke4 84. Kf2 Kf4 85. Kf1 Ke3
86. Ke1 Kf4 1/2-1/2

[Event "NAYCC U08 w"]
[Site "Windsor CAN"]
[Date "2016.08.07"]
[Round "1.179"]
[White "McNutt, Kaitlynn"]
[Black "Ai, Amy"]
[Result "1-0"]
[WhiteElo "1060"]
[BlackElo "605"]
[PlyCount "153"]
[EventDate "2016.08.07"]
[EventType "swiss"]
[EventRounds "9"]
[EventCountry "CAN"]

1. d4 d5 2. Bf4 Nc6 3. e3 Bf5 4. Nf3 f6 5. c3 e5 6. Bg3 Bg4 7. h3 Bh5 8. Be2
Bxf3 9. Bxf3 e4 10. Be2 Bd6 11. Bxd6 Qxd6 12. Bb5 Nge7 13. Nd2 a6 14. Qa4 O-O
15. Bxc6 Qxc6 16. Qxc6 Nxc6 17. Nb3 b6 18. g4 Na5 19. Nxa5 bxa5 20. Ke2 Rab8
21. b3 f5 22. g5 g6 23. h4 h5 24. gxh6 Kh7 25. Rag1 Kxh6 26. Rg5 a4 27. b4 a5
28. a3 axb4 29. cxb4 Rb6 30. f4 Rc6 31. Kd2 Kg7 32. h5 Re8 33. Rhg1 Ree6 34. b5
Rb6 35. Rc1 c6 36. bxc6 Rbxc6 37. Rb1 Kh6 38. Rh1 Kg7 39. Rc1 Rxc1 40. Kxc1 Kh6
41. Rxg6+ Rxg6 42. hxg6 Kxg6 43. Kd2 Kh5 44. Ke1 Kg4 45. Kf2 Kh5 46. Kg3 Kg6
47. Kf2 Kh5 48. Kg3 Kg6 49. Kh4 Kf6 50. Kh5 Kf7 51. Kg5 Ke6 52. Kg6 Kd6 53.
Kxf5 Kc6 54. Ke6 Kb5 55. f5 Kc4 56. f6 Kb3 57. f7 Kxa3 58. f8=Q+ Kb3 59. Kxd5
a3 60. Qxa3+ Kxa3 61. Kxe4 Kb4 62. Kd5 Kb5 63. e4 Kb6 64. Kd6 Kb5 65. e5 Kc4
66. d5 Kd4 67. e6 Ke4 68. e7 Kf5 69. e8=Q Kf4 70. Kc5 Kf5 71. d6 Kf6 72. d7 Kf5
73. d8=R Kf6 74. Rd1 Kf5 75. Rf1+ Kg4 76. Qg8+ Kh3 77. Rh1# 1-0

[Event "NAYCC U08 w"]
[Site "Windsor CAN"]
[Date "2016.08.08"]
[Round "2.175"]
[White "Velea, Sophie"]
[Black "McNutt, Kaitlynn"]
[Result "1-0"]
[WhiteElo "1276"]
[BlackElo "1060"]
[PlyCount "111"]
[EventDate "2016.08.07"]
[EventType "swiss"]
[EventRounds "9"]
[EventCountry "CAN"]

1. e4 e6 2. Nf3 d5 3. exd5 exd5 4. d4 Bg4 5. Be2 Nf6 6. Bg5 Nbd7 7. O-O Be7 8.
Nc3 c6 9. Re1 Ne4 10. Bxe7 Qxe7 11. Bd3 O-O-O 12. Nxe4 dxe4 13. Bxe4 Qd6 14. c3
Nf6 15. Bd3 Rhe8 16. Rxe8 Rxe8 17. Be2 Nd5 18. Bc4 Nf4 19. Bd3 Re6 20. h3 Bxf3
21. Qxf3 Rf6 22. Qe3 h5 23. Re1 Qd5 24. Be4 Qg5 25. Qg3 Qxg3 26. fxg3 Ng6 27.
Bxg6 fxg6 28. Re2 Kd7 29. Rf2 Rxf2 30. Kxf2 Ke6 31. Ke3 Kf5 32. Kf3 g5 33. g4+
Kg6 34. gxh5+ Kxh5 35. g4+ Kg6 36. c4 Kf6 37. Ke4 Ke6 38. d5+ Kd6 39. b4 a6 40.
a4 b5 41. axb5 axb5 42. cxb5 cxb5 43. Kd4 g6 44. Ke4 Kd7 45. Ke5 Ke7 46. d6+
Kd7 47. Kd5 Kd8 48. Kc6 Kc8 49. Kxb5 Kd7 50. Kc5 Kd8 51. b5 Kc8 52. b6 Kd8 53.
b7 Kd7 54. b8=Q Ke6 55. Qe8+ Kf6 56. Qe7# 1-0

[Event "NAYCC U08 w"]
[Site "Windsor CAN"]
[Date "2016.08.08"]
[Round "2.176"]
[White "Pradhan, Ananya"]
[Black "Nguyen, Chance"]
[Result "0-1"]
[WhiteElo "477"]
[BlackElo "1232"]
[PlyCount "98"]
[EventDate "2016.08.07"]
[EventType "swiss"]
[EventRounds "9"]
[EventCountry "CAN"]

1. e4 e6 2. Nf3 d5 3. d3 Nf6 4. Nc3 Bb4 5. Bd2 Nc6 6. a3 Bxc3 7. Bxc3 O-O 8. e5
Nd7 9. d4 b6 10. Bb5 Bb7 11. O-O a6 12. Bd3 h6 13. h3 Qe7 14. h4 Na7 15. Bb4 c5
16. dxc5 bxc5 17. Ba5 Nc6 18. Qd2 Ndxe5 19. Nxe5 Nxe5 20. Rfe1 Nxd3 21. Qxd3
Qxh4 22. Rad1 c4 23. Qd4 Qxd4 24. Rxd4 Rfe8 25. Rg4 e5 26. b3 cxb3 27. cxb3 d4
28. Ree4 f5 29. Rxe5 Rxe5 30. Rxd4 Rxa5 31. b4 Rxa3 32. Kh2 Be4 33. f3 Bc6 34.
Rd6 Bb5 35. f4 Ra4 36. Rd4 Kf7 37. g3 a5 38. Rd5 Rxb4 39. Kh3 Ke6 40. Re5+ Kf6
41. Kh4 Rb1 42. g4 g5+ 43. fxg5+ hxg5+ 44. Kg3 Kxe5 45. gxf5 Kxf5 46. Kg2 Rc8
47. Kf3 Rc2 48. Ke3 Rb4 49. Kf3 Rb3# 0-1

[Event "NAYCC U08 w"]
[Site "Windsor CAN"]
[Date "2016.08.08"]
[Round "2.177"]
[White "Wen, Kally"]
[Black "Rajaram, Anika"]
[Result "0-1"]
[WhiteElo "1090"]
[BlackElo "1420"]
[PlyCount "150"]
[EventDate "2016.08.07"]
[EventType "swiss"]
[EventRounds "9"]
[EventCountry "CAN"]

1. e4 e6 2. d4 d5 3. Nd2 c5 4. exd5 exd5 5. Ngf3 Nc6 6. Nb3 c4 7. Nbd2 Nf6 8.
Be2 Be7 9. O-O O-O 10. c3 Bf5 11. Ne5 Bd6 12. Nxc6 bxc6 13. Nf3 Re8 14. Bg5 h6
15. Be3 Qd7 16. Re1 Re7 17. Qd2 Ne4 18. Qc1 Rae8 19. Bf4 Re6 20. Bxd6 Qxd6 21.
Nh4 Bg6 22. Nxg6 Rxg6 23. Bf3 Qf6 24. Qc2 Qxf3 25. g3 Rf6 26. Rf1 Ng5 27. h4
Ne4 28. Rae1 Ree6 29. Re3 Qh5 30. Qe2 Qxe2 31. Rxe2 Nd6 32. Rxe6 Rxe6 33. b3
Re2 34. bxc4 Nxc4 35. a4 Rc2 36. Re1 Nd6 37. Re7 Rxc3 38. Rxa7 Rc4 39. Ra6 Nf5
40. a5 Nxd4 41. Ra8+ Kh7 42. a6 Ra4 43. a7 Nb5 44. Kf1 Rxa7 45. Rxa7 Nxa7 46.
Ke2 Kg6 47. Kd3 Kf5 48. Ke3 c5 49. Kd3 c4+ 50. Kc3 Ke4 51. Kd2 d4 52. Kc2 Kf3
53. Kd2 Kxf2 54. g4 Kg3 55. Kc2 d3+ 56. Kc3 Kxg4 57. h5 Kf3 58. Kd2 Ke4 59. Kd1
c3 60. Kc1 Ke3 61. Kd1 c2+ 62. Kc1 Ke2 63. Kb2 d2 64. Kxc2 d1=Q+ 65. Kc3 Qd3+
66. Kb4 Kd2 67. Kc5 Qe4 68. Kb6 Qd5 69. Kc7 Qe6 70. Kb8 Qd7 71. Ka8 Kc3 72. Kb8
Kc4 73. Ka8 Kc5 74. Kb8 Kc6 75. Ka8 Qb7# 0-1